000 01325nam0a2200325 4500
001 RU\NLR\BIBL_A\021986695
005 20231025125628.0
010 _a978-5-0059-6647-6
021 _aRU
_bКН-П-23-039207
_9КН-П-23-3908
035 _a(NLR Aleph) 021986695
090 _a12415064
_c12415064
100 _a20230724d2023 u y0rusy50 ca
101 0 _arus
102 _aRU
105 _aa z 000zy
181 0 _ai
_baxxe
182 0 _an
200 1 _aЖелательные иностранцы
_eуспехи народной дипломатии в Советской России
_fСергей Никитин
203 _aТекст
_bвизуальный
_cнепосредственный
210 _a[Б. м.]
_cИздательские решения
_d2023
215 _a320, [2] с.
_cил.
_d22
333 _a12+
601 0 2 _aРелигиозное общество друзей (квакеров)
_xБлаготворительность
_yCCCР
_92569401
_3RU\NLR\AUTH\6601731093
686 2 _aЭ376.18-39(2)7-021
700 1 _7ca
_8rus
_aНикитин
_bС. А.
_cисторик
_f1957-
_gСергей Анатольевич
_9223354
_3RU\NLR\AUTH\770223410
942 _cBOOK
980 _aNB